Altlasten. Bewertung. Sanierung. Finanzierung /
Gespeichert in:
| Weitere Verfasser: | |
|---|---|
| Format: | Buch |
| Sprache: | Deutsch |
| Veröffentlicht: |
Taunusstein :
Eberhard Blottner Verlag,
1993
|
| Ausgabe: | 3.,neu bearbeitete und erweiterte Auflage |
| Tags: |
Keine Tags, Fügen Sie das erste Tag hinzu!
|
MARC
| LEADER | 00000nam a22000003a 4500 | ||
|---|---|---|---|
| 001 | stu24344 | ||
| 005 | 20150617225742.1 | ||
| 008 | 970306s1993----gw------------------ger-d | ||
| 020 | |a 3-89367-030-0 | ||
| 040 | |a STU |b slo | ||
| 041 | 0 | |a ger | |
| 044 | |a gw | ||
| 080 | |a 502.5(21) | ||
| 100 | 1 | |a Brandt, Edmund |4 com | |
| 245 | 1 | |a Altlasten. Bewertung. Sanierung. Finanzierung / |c Herausgegeben von Brandt,Edmund | |
| 250 | |a 3.,neu bearbeitete und erweiterte Auflage | ||
| 260 | |a Taunusstein : |b Eberhard Blottner Verlag, |c 1993 | ||
| 300 | |a 317 s : |b Register | ||
| 996 | |b C94726 |c C*94726 |l CCXXVI |s P |a 0 |w stu24344_0001 | ||